[Event "26. ekipno prvenstvo hrvatske u sahu - "]
[Site "Bjelovar, Krapina, Djurdjevac"]
[Date "2017.04.09"]
[Round "6.54"]
[White "Vukic, Aleksandar"]
[Black "Novosel, Tomislav"]
[Result "0-1"]
[WhiteElo "2067"]
[BlackElo "2203"]
[PlyCount "100"]
[EventDate "2016.03.26"]

1. d4 d5 2. c4 e5 3. dxe5 d4 4. Nf3 Nc6 5. a3 Nge7 6. Bg5 h6 7. Bh4 g5 8. Bg3
Bg7 9. Nbd2 Nf5 10. Qc2 g4 11. Ng1 O-O 12. O-O-O Re8 13. Bf4 Nxe5 14. e4 d3 15.
Qb1 Ng6 16. Bg3 Nxg3 17. hxg3 Ne5 18. f4 gxf3 19. Ndxf3 Nxc4 20. Bxd3 Nxb2 21.
Rd2 Nxd3+ 22. Qxd3 Qxd3 23. Rxd3 Bg4 24. Re3 Rad8 25. Nh3 Rd6 26. Nf2 Rc6+ 27.
Kd2 Rd8+ 28. Rd3 Rxd3+ 29. Nxd3 Ra6 30. Nfe5 Be6 31. Rb1 b6 32. Rc1 c5 33. Rc3
Ra4 34. Rc2 Rxa3 35. Nc6 Ra1 36. e5 Kh7 37. Nf4 Bf5 38. Rc4 Ra2+ 39. Ke3 Ra3+
40. Kf2 a5 41. Nh5 Bd7 42. Nxg7 Kxg7 43. Nd8 Rd3 44. Rf4 Be8 45. Nb7 Rd5 46.
Rf6 b5 47. Nxa5 Rxe5 48. Rb6 c4 49. Nb7 Bd7 50. Rd6 Bf5 0-1

[Event "26. ekipno prvenstvo hrvatske u sahu - "]
[Site "Bjelovar, Krapina, Djurdjevac"]
[Date "2017.04.09"]
[Round "6.55"]
[White "Stadler, Brigita"]
[Black "Katulic, Zlatko"]
[Result "1-0"]
[WhiteElo "2062"]
[BlackElo "1771"]
[PlyCount "91"]
[EventDate "2016.03.26"]

1. e4 g6 2. Nc3 Bg7 3. d4 d6 4. g3 Nd7 5. Bg2 e5 6. Be3 Ngf6 7. h3 exd4 8. Bxd4
O-O 9. Nge2 Re8 10. O-O a6 11. a4 Rb8 12. f3 b6 13. Qd2 Bb7 14. Rad1 Ne5 15. b3
Nc6 16. Bf2 Nb4 17. Nf4 Bh6 18. Nce2 a5 19. c3 Na6 20. Qc2 Qe7 21. Rfe1 c5 22.
h4 Nc7 23. g4 Bg7 24. Bg3 Rbd8 25. g5 Nd7 26. b4 axb4 27. cxb4 Na6 28. b5 Nb4
29. Qb3 Ne5 30. Nc3 h6 31. gxh6 Bxh6 32. Ncd5 Bxd5 33. Nxd5 Nxd5 34. Rxd5 Qf6
35. f4 Bxf4 36. Rf1 c4 37. Qa3 Nd3 38. Rxd3 cxd3 39. Qxd3 g5 40. hxg5 Qxg5 41.
Bxf4 Qg6 42. Rf3 Kf8 43. Rg3 Qf6 44. Bg5 Qa1+ 45. Kh2 Rd7 46. Qf3 1-0

[Event "26. ekipno prvenstvo hrvatske u sahu - "]
[Site "Bjelovar, Krapina, Djurdjevac"]
[Date "2017.04.09"]
[Round "6.56"]
[White "Plesa, Karlo"]
[Black "Dotlic, Zdravko"]
[Result "0-1"]
[WhiteElo "1710"]
[BlackElo "2012"]
[PlyCount "88"]
[EventDate "2016.03.26"]

1. b4 e5 2. Bb2 d6 3. e3 Nf6 4. Nf3 Be7 5. c4 O-O 6. Be2 c6 7. Qc2 Re8 8. O-O
Nbd7 9. d4 e4 10. Nfd2 d5 11. c5 a6 12. a4 Nf8 13. Nc3 Bg4 14. b5 axb5 15. axb5
Qd7 16. Bxg4 Nxg4 17. h3 Nh6 18. bxc6 bxc6 19. Na4 Qe6 20. Nb6 Rxa1 21. Rxa1
Nf5 22. Ra4 Qg6 23. Qd1 h5 24. Nb3 Bh4 25. Qe2 Nh7 26. Na5 Ng5 27. Kh2 Re6 28.
Nd7 Re8 29. Ne5 Rxe5 30. dxe5 Ne6 31. Ba3 d4 32. Nxc6 dxe3 33. fxe3 Qg3+ 34.
Kh1 Qg5 35. Kh2 Nxe3 36. Bc1 Qg3+ 37. Kh1 Nf4 38. Qd2 Nexg2 39. Ra3 e3 40. Ne7+
Bxe7 41. Ra8+ Kh7 42. Qd7 Nh4 43. Qb7 Qxh3+ 44. Kg1 Nf3+ 0-1

[Event "26. ekipno prvenstvo hrvatske u sahu - "]
[Site "Bjelovar, Krapina, Djurdjevac"]
[Date "2017.04.09"]
[Round "6.66"]
[White "Blaga, Marijan"]
[Black "Buhin, Denis"]
[Result "1/2-1/2"]
[WhiteElo "2015"]
[BlackElo "2007"]
[PlyCount "21"]
[EventDate "2016.03.26"]

1. a3 e5 2. e4 Nc6 3. Nf3 g6 4. c3 Bg7 5. d3 d6 6. Be2 Nf6 7. h3 O-O 8. O-O Bd7
9. Be3 Rc8 10. Nbd2 a6 11. Rc1 1/2-1/2